On This Day (June 28th) Multiple Choice - Statistics

General Stats
  • This quiz has been taken 15 times
  • The average score is 7 of 15
Answer Stats
Question Answer % Correct
1973 – Elections are held for the Regional Assembly, which will lead to power-sharing in which part of the UK for the first time ? Northern Ireland
85%
1846 – Adolphe Sax patents which musical instrument ? Saxophone
85%
1997 – Mike Tyson is disqualified in the third round for doing what to his opponent ? Biting off part of his ear
77%
1914 – Archduke Franz Ferdinand of Austria and his wife Sophie are assassinated in which city ? Sarajevo
77%
1969 – Stonewall riots begin in New York City, marking the start of which movement ? Gay Rights
62%
1940 – Which country cedes Bessarabia to the Soviet Union after facing an ultimatum ? Romania
54%
1926 – Which motor company is formed by two owners merging their two companies ? Mercedes-Benz
46%
1859 – The first conformation dog show is held in which UK city ? Newcastle - upon - Tyne
46%
1936 – The Japanese puppet state of Mengjiang is formed in which region ? Northern China
46%
1635 – Which archipelago becomes a French colony ? Guadeloupe
38%
1880 – Australian bushranger Ned Kelly is captured in which Australian town ? Glenrowan, VIC
23%
1975 – Jon Nödtveidt, Swedish singer-songwriter, and guitarist is born. He was known as a founder member of which Swedish death metal band ? Dissection
15%
1461 – Which monarch is crowned King of England ? Edward IV
15%
1882 – The Anglo-French Convention of 1882 marks the territorial boundaries between which two countries ?. Guinea and Sierra Leone
15%
2009 – President Manuel Zelaya is ousted by a local military coup following a failed request to hold a referendum in which country ? Honduras
8%
No matching quizzes found
Score Distribution
Percent of People with Each Score
Percentile by Number Answered
Your Score History
You have not taken this quiz